1025 1923 1112 1097 1435 1669 1482 1203 1925 1094 1145 1309 1230 1539 1744 1664 1246 1974 1666 1831 1509 1280 1647 1524 1265 1423 1276 1099 1634 1829 1676 1148 1080 1279 1192 1847 1610 1693 1610 1828 1836 1285 1984 1619 1022 1996 1941 1620 1264 1766 1009 1158 1739 1877 1068 1223 1956 1015 1894 1556 1082 1614 1695 1044 1133 1416 1423 1763 1426 1511 1343 1399 1243 1237 1049 1052 1345 1155 1901 2000 1010 1176 1992 1596 1579 1913 1841 1220 1726 1220 1251 1907 1941 1637 1262 1876 1053 1707 1992 BCNSPRNW ULIB Ver.6.0+V

เปลี่ยนเป็นภาษาไทย

Change to English
 แสดงรายละเอียดบรรณานุกรม
  กลับหน้าหลัก

Brief Record : Get Marc (ISO 2709) : E-mail record : QR code < ปิดหน้าต่าง
LEADER : 00000nam 2200000uu 4500
001    13399125103
003     ULIB
008    160624s2015||||th 000 0 eng d
020    9781451193916
060  4 WY 152 ^bH669m 2015
100 0  Hirst, Sandra p.^d1951-
245 00 Miller’s nursing for wellness in older adults / ^cSandra P. Hirst, Annette M. Lane, Carol A. Miller
246 0  Nursing for wellness in older adults
250    Canadian edition.
260    Philadelphia : ^bWolters Kluwer/Lippincott Williams & Wilkins Health, ^cc2015
300    xxvi, 620 p. : ^bill.
505 0  Part 1 Older adults and wellness -- Seeing Older Adults Through the Eyes of Wellness -- Addressing Diversity of Older Adults -- Applying a Nursing Model for Promoting Wellness in Older Adults -- Theoretical Perspectives on Aging Well -- Part 2 Nursing Considerations for Older Adults -- Gerontological Nursing and Health Promotion -- Health Care Settings for Older Adults -- Assessment of Health and Functioning -- Medications and Other Bioactive Substances -- Legal and Ethical Concerns -- Elder Abuse and Neglect -- Part 3 Promoting Wellness in Psychosocial Function -- Cognitive Function -- Psychosocial Function -- Psychosocial Assessment -- Impaired Cognitive Function: Delirium and Dementia -- Impaired Affective Function: Depression -- Part 4 Promoting Wellness in Physical Function ? Hearing -- Vision -- Digestion and Nutrition -- Urinary Function -- Cardiovascular Function -- Respiratory Function -- Mobility and Safety -- Integumentary Function -- Sleep and Rest -- Thermoregulation -- Sexual Function -- Part 5 Promoting Wellness in All Stages of Health and Illness -- Caring for Older Adults During Illness -- Caring for Older Adults Experiencing Pain -- Caring for Older Adults at the End of Life.
650  0 Older people ^xCare
650  0 Geriatric Nursing
700 0  Lane, Annette M., ^d1962-
700 0  Miller, Carol A.
945    ^p0^l0^i001344
999    ^aเกษร โพธิ์สุวรรณ
รายการนี้ยังไม่มีแท็ก
คุณยังไม่ได้ล็อกอิน คุณสามารถมีกิจกรรมร่วมกับเว็บไซต์ได้ แต่ต้องล็อกอินก่อน ::
  ล็อกอิน

รายการสื่อสารสนเทศ

ลำดับที่ ประเภท เลขเรียก/บาร์โค้ด สถานที่ สถานะ
1. วิทยาศาสตร์การแพทย์ และสุขภาพ
วิทยาศาสตร์การแพทย์ และสุขภาพ
WY 152 H669m 2015 ฉ.1 
  Barcode: 001344
ห้องสมุดวิทยาเขตสวรรค์ประชารักษ์
►หนังสือทั่วไป
บนชั้น

รายการใกล้เคียง
    หัวเรื่อง [Geriatric Nursing]

BibComment


ยังไม่เคยถูกคอมเมนท์

คอมเมนท์ทรัพยากรรายการนี้
  คอมเมนท์: Miller’s nursing ..


 Copyright 2026. Bcnsprnw @Library